000 00345pab a2200145 454500
008 180718b1987 xxu||||| |||| 00| 0 eng d
100 _aParis, David C.
245 _aFact, theory, and democratic theory
260 _c1987
300 _a215-36
362 _aJune
650 _aDemocracy
773 _aWestern Political Quarterly
909 _a7184
999 _c7184
_d7184